Historia del movimiento obrero en Venezuela

Uloženo v:
Podrobná bibliografie
Hlavní autor: Quintero, Rodolfo
Médium: Text
Vydáno: Caracas :
Tagy: Přidat tag
Žádné tagy, Buďte první, kdo vytvoří štítek k tomuto záznamu!

MARC

LEADER 00000 a a2200000 04500
001 15379
003
040
090 |a 016400  
100 |a Quintero, Rodolfo  
245 |a Historia del movimiento obrero en Venezuela  
260 |a Caracas :  
300 |a 84 p.  
999 |c 11887  |d 11887